[Event "17th Reykjavik op"]
[Site "Reykjavik ISL"]
[Date "1996.03.08"]
[Round "7.22"]
[White "Thorarinsson, Pall"]
[Black "Sigfusson, Sigurdur"]
[Result "1-0"]
[WhiteElo "2065"]
[BlackElo "2245"]
[EventDate "1996.03.02"]
[PlyCount "59"]

1.d4 Nf6 2.c4 e5 3.dxe5 Ng4 4.Bf4 Nc6 5.Nf3 Qe7 6.e3 Ngxe5 7.Be2 Qb4+ 8.
Nbd2 Nxf3+ 9.Bxf3 Qxb2 10.O-O Bb4 11.Nb3 d6 12.Nd4 Nxd4 13.exd4 O-O 14.Rb1
Qa3 15.Bc1 Qa5 16.a3 Bc3 17.Rb5 Qa6 18.Qd3 Ba5 {White has forced the queen
and bishop offside and then turns his attention to the king. The attack is
bound to succeed.} 19.Rh5 g6 20.Qe3 d5 21.Rh4 Bf5 22.Qh6 g5 23.Qxg5+ Qg6 
24.Qf4 Bd7 25.Bxd5 c6 26.Be4 f5 27.Rh6 Qg7 28.Bc2 Bc3 29.Rh3 Qxd4 30.Rd3 
1-0

[Event "17th Reykjavik op"]
[Site "Reykjavik ISL"]
[Date "1996.03.08"]
[Round "7.25"]
[White "Schmied, Andreas"]
[Black "Van Parreren, Hanneke"]
[Result "1/2-1/2"]
[WhiteElo "2155"]
[BlackElo "2180"]
[EventDate "1996.03.02"]
[PlyCount "52"]

1.d4 f5 2.g3 Nf6 3.Bg2 g6 4.b3 Bg7 5.Bb2 d6 6.Nf3 O-O 7.Nbd2 Qe8 8.c4 e5 
9.dxe5 Ng4 10.Ba3 Nxe5 11.Nxe5 Qxe5 12.Rb1 Nc6 13.O-O f4 14.Bb2 Qe7 15.
Bxg7 Qxg7 16.Nf3 Bf5 17.Qd5+ Kh8 18.Rbd1 Rae8 19.Rfe1 Be4 20.Qd2 g5 21.Nd4
Qf6 22.g4 Bxg2 23.Kxg2 Nxd4 24.Qxd4 Qxd4 25.Rxd4 Re5 26.e4 fxe3 1/2-1/2

[Event "17th Reykjavik op"]
[Site "Reykjavik ISL"]
[Date "1996.03.08"]
[Round "7.27"]
[White "Halldorsson, Jon Arni"]
[Black "Thorfinnsson, Bragi"]
[Result "1-0"]
[WhiteElo "2160"]
[BlackElo "2155"]
[EventDate "1996.03.02"]
[PlyCount "75"]

1.d4 Nf6 2.Nf3 e6 3.Bg5 d5 4.e3 Be7 5.Bd3 c5 6.c3 O-O 7.Ne5 Nbd7 8.f4 Qb6 
9.Qc2 h6 10.Bh4 Re8 11.O-O Ne4 12.Bxe7 Rxe7 13.Bxe4 dxe4 14.Nd2 f5 15.Ndc4
Qc7 16.Nxd7 Bxd7 17.Qb3 cxd4 18.exd4 b5 19.Ne5 Rc8 20.Rac1 Be8 21.h3 Qb6 
22.Kh2 Kh7 23.Rfd1 Bh5 24.g4 Be8 25.Rg1 Rec7 26.a3 a5 27.Rcd1 Rd8 28.g5 
hxg5 29.Rxg5 Qa6 30.Kg2 Qd6 31.Kf2 a4 32.Qa2 Bc6 33.Ke3 Bd5 34.Qb1 Bb3 35.
Rd2 Qb6 36.Qe1 b4 37.Qh4+ Kg8 38.Rh5 1-0

[Event "17th Reykjavik op"]
[Site "Reykjavik ISL"]
[Date "1996.03.08"]
[Round "7.28"]
[White "Thorfinnsson, Bjoern"]
[Black "Sigurjonsson, Stefan Thor"]
[Result "1/2-1/2"]
[WhiteElo "2060"]
[BlackElo "2125"]
[EventDate "1996.03.02"]
[PlyCount "79"]

1.d4 e6 2.c4 f5 3.Nc3 Nf6 4.g3 d5 5.Bg2 Be7 6.Bf4 c6 7.b3 O-O 8.e3 Bd7 9.
Nge2 Be8 10.Be5 Bh5 11.Qd2 Bxe2 12.Nxe2 Ne4 13.Bxe4 fxe4 14.Nf4 Qc8 15.
Bxb8 Rxb8 16.h4 Qd7 17.Qe2 Bb4+ 18.Kf1 Rbe8 19.Kg2 Qf7 20.Rad1 Bd6 21.Rhf1
Qf5 22.Qh5 Bxf4 23.Qxf5 exf5 24.exf4 e3 25.Rfe1 exf2 26.Kxf2 Re4 27.Rxe4 
dxe4 28.d5 cxd5 29.Rxd5 g6 30.Ke3 Rf7 31.g4 Kg7 32.h5 Kf6 33.Rd6+ Kg7 34.
hxg6 hxg6 35.g5 Re7 36.c5 Kf7 37.Rf6+ Kg7 38.Rd6 Kf7 39.Rf6+ Kg7 40.Rd6 
1/2-1/2

[Event "17th Reykjavik op"]
[Site "Reykjavik ISL"]
[Date "1996.03.08"]
[Round "7.29"]
[White "Edvardsson, Kristjan"]
[Black "Kjeld, Matthias"]
[Result "1-0"]
[WhiteElo "2190"]
[BlackElo "2155"]
[EventDate "1996.03.02"]
[PlyCount "113"]

1.d4 Nf6 2.c4 e6 3.Nc3 d5 4.cxd5 exd5 5.Bg5 Be7 6.e3 O-O 7.Bd3 c6 8.Qc2 
Nbd7 9.Nf3 Re8 10.h3 Nf8 11.O-O-O Be6 12.g4 a5 13.Kb1 Ne4 14.Bxe4 dxe4 15.
Bxe7 Qxe7 16.Nd2 Bd5 17.f3 exf3 18.e4 Be6 19.Nxf3 Rec8 20.Rhe1 b5 21.d5 
cxd5 22.exd5 b4 23.dxe6 bxc3 24.exf7+ Qxf7 25.Ne5 Qb7 26.Rd3 Qxb2+ 27.Qxb2
cxb2 28.Kxb2 Ra7 29.Rc1 Re8 30.Nc6 Rc7 31.Rc2 Ra8 32.Rd5 Rb7+ 33.Ka3 Re8 
34.Rc3 Re2 35.Rf3 Rf7 36.Rxf7 Kxf7 37.Rf5+ Ke8 38.Re5+ Rxe5 39.Nxe5 Ke7 
40.Ka4 Kf6 41.Nf3 Ne6 42.Kxa5 Nf4 43.Ng1 h5 44.gxh5 Kg5 45.h6 gxh6 46.a4 
Nd5 47.Ka6 Kh4 48.a5 Kg3 49.Kb5 Kg2 50.Ne2 Nc7+ 51.Kb6 Nd5+ 52.Kc5 Nc7 53.
Nf4+ Kg3 54.Nd5 Na8 55.Kc6 Kxh3 56.Kb7 Kg3 57.Nf6 1-0

[Event "17th Reykjavik op"]
[Site "Reykjavik ISL"]
[Date "1996.03.08"]
[Round "7.31"]
[White "Schubert, Hans-Joachim"]
[Black "Burden, James"]
[Result "1/2-1/2"]
[WhiteElo "2120"]
[BlackElo "2185"]
[EventDate "1996.03.02"]
[PlyCount "62"]

1.e4 c5 2.Nf3 d6 3.c3 g6 4.d4 Qc7 5.Bd3 Bg7 6.h3 e5 7.dxc5 dxc5 8.Be3 Ne7 
9.O-O O-O 10.Qb3 b6 11.Nbd2 Nbc6 12.Nc4 h6 13.Nh2 Be6 14.Qc2 f5 15.f3 f4 
16.Bf2 g5 17.a4 Rf6 18.Qe2 Kh8 19.Na3 Rg8 20.Bc4 h5 21.Bxe6 Rxe6 22.Rad1 
Bf8 23.Nb5 Qb8 24.Rd7 a6 25.Nc7 Reg6 26.Rfd1 R8g7 27.Qxa6 Ng8 28.Rxg7 Kxg7
29.Rd7+ Nce7 30.Nd5 Kh6 31.Nxe7 Bxe7 1/2-1/2

[Event "17th Reykjavik op"]
[Site "Reykjavik ISL"]
[Date "1996.03.09"]
[Round "8.1"]
[White "Nikolic, Predrag"]
[Black "Tisdall, Jonathan"]
[Result "1-0"]
[WhiteElo "2645"]
[BlackElo "2510"]
[EventDate "1996.03.02"]
[PlyCount "55"]

1.d4 {Ftacnik} 1...d5 2.c4 c6 3.Nc3 Nf6 4.Nf3 e6 5.e3 Nbd7 6.Be2 {A rather
uncommon move. I had some vague memories that one idea was to answer 
...dxc4 with a4, but then ...c5 steers play into the Queen's Gambit 
Accepted. Since this is in Nikolic's repertoire, this might have been a 
satisfactory transposition for him.} 6...Bd6 7.O-O O-O 8.b3 {By leaving 
out Qc2 white puts less pressure on black, who does not have to watch out 
for e4 yet.} 8...Qe7 ( 8...b6 {was perhaps the most flexible.} ) 9.Bb2 b6 
10.Qc2 Bb7 11.e4 Nxe4 12.Nxe4 dxe4 13.Qxe4 f5 $1 {This seems to be very 
strong here - the e4 square gives black active play and white has 
surprising difficulty in keeping e5 profitably under control.} 14.Qe3 ( 
14.Qh4 {is more prudent. I intended} 14...c5 $1 ( 14...Qxh4 15.Nxh4 c5 {is
less accurate since it allows white the favorable exchange} 16.Bf3 ) 15.
Qxe7 ( 15.Rad1 {Ftacnik} 15...Rad8 16.dxc5 Qxh4 17.Nxh4 Nxc5 18.Nf3 Be7 
19.Ne5 Rfe8 20.Rxd8 Rxd8 21.Rd1 Rxd1+ 22.Bxd1 Kf8 23.b4 Ne4 24.f3 Nd2 25.
Bc3 Bd6 26.c5 Bxe5 27.Bxe5 Nc4 28.Bb8 {E-E Huebner,R-Wolff,P/Biel izt 
(07)/1993/ (59)} ) 15...Bxe7 16.dxc5 Nxc5 17.Rfd1 Rad8 {with comfortable 
play for black.} ) 14...c5 {This position seems better for black - his 
pieces are more actively placed and there are many ways to liberate the 
center.} 15.Rad1 ( 15.Ne5 $4 cxd4 16.Bxd4 f4 17.Qc3 Bxe5 18.Bxe5 Qg5 ) 
15...Rad8 16.dxc5 ( 16.Ng5 Rde8 {and white will waste more time with the 
knight than black with his rook.} ( 16...Rfe8 $5 {Nikolic} ) ) 16...Bxc5 (
16...Nxc5 {Ftacnik} 17.Ne5 f4 $132 ) 17.Qg5 {Now white is eager to trade 
to relieve the pressure, but black does not cooperate (yet).} 17...Nf6 ( 
17...Qxg5 {Ftacnik} 18.Nxg5 Rfe8 19.Rd3 $14 ) 18.Rxd8 Rxd8 19.Ne5 {Nikolic
admitted that he disliked his position so much here that he considered a 
full grovel with} ( 19.Bxf6 Qxf6 20.Qxf6 gxf6 21.Rd1 {but not only is this
distinctly unpalatable, it would also remove any hope of black developing 
a disorder of the nerves.} ) 19...h6 20.Qc1 Ne4 {Everything goes forward 
smoothly. Black eyes d2 and f2, and e5 is soon to come under control as 
well.} 21.Nd3 Rxd3 $4 {A spectacularly stupid move, which was played after
long thought which mainly involved the calculation of variations that 
showed the sacrifice was unsound. I still can't explain what made me do 
it... The reflex reaction here was} ( 21...Bd6 {to set the center in 
motion, but while this is tempting, it has the drawback of making black's 
dark-squared bishop inferior to white's. This is in fact the key strategic
theme here. While I was sitting around wasting my time, Nikolic noticed 
that} 22.Rd1 $10 ) ( 21...Bd4 $1 {simply gives black a gigantic edge. 
Black removes white's best piece, and takes even firmer control of the 
d-file and center. I don't know exactly how to weigh black's advantage 
here, but I would wager that Nikolic would beat himself with black here 
fairly regularly. One sample variation we looked at is} 22.Bxd4 Rxd4 23.f3
( 23.Rd1 e5 $15 ) 23...Rxd3 24.Bxd3 ( 24.fxe4 Rd8 25.exf5 exf5 $15 ) 24...
Qc5+ 25.Kh1 Nf2+ 26.Rxf2 Qxf2 27.Bb1 {and now} 27...Kf7 {and white's 
position is excruciatingly passive.} ) 22.Bxd3 {Black was hoping for a 
mating attack, but once he fails white will be too much ahead in material.
} 22...Qh4 23.Qe1 $1 ( 23.g3 $2 {Ftacnik} 23...Qh3 ( 23...Nxg3 24.Qc3 Nh5 
$19 ) 24.Qe3 Ng5 $19 ) 23...Qg5 $2 ( 23...Bd6 $5 24.g3 ( 24.h3 Qf4 25.g3 
Qf3 26.Be2 Ng5 ) 24...Ng5 ( 24...Qh3 25.Bxe4 ( 25.f3 Bc5+ 26.Kh1 Ng5 ( 
26...Bb4 {Ftacnik} 27.Qxb4 Nxg3+ 28.Kg1 Nxf1 29.Qe7 $16 ) 27.Be2 ) 25...
Bxe4 26.f3 ( 26.f3 Bd3 $1 27.Qxe6+ Kh7 28.Rf2 Bc5 $14 ) ) 25.Qxe6+ $1 Nxe6
26.gxh4 Nf4 27.Rd1 Bf3 28.c5 $1 ) ( 23...Ng5 24.Qe5 ) 24.Kh1 $1 {Most 
efficient.} ( 24.Bxe4 {Ftacnik} 24...Bxe4 25.g3 e5 26.Qe2 $16 ) 24...Nd2 (
24...Bd6 25.f3 $18 ) 25.Qxe6+ Kf8 ( 25...Kh8 26.Rg1 $18 ) 26.Rg1 Ne4 27.
Bxe4 Bxe4 28.Bd4 $1 ( 28.Bd4 $1 {Ftacnik} 28...Bxd4 29.Qd6+ Kf7 30.Qxd4 
$18 ) 1-0

[Event "17th Reykjavik op"]
[Site "Reykjavik ISL"]
[Date "1996.03.09"]
[Round "8.3"]
[White "Stefansson, Hannes Hlifar"]
[Black "Borge, Nikolaj"]
[Result "1/2-1/2"]
[WhiteElo "2540"]
[BlackElo "2455"]
[EventDate "1996.03.02"]
[PlyCount "82"]

1.c4 Nf6 2.Nc3 d6 3.d4 g6 4.e4 Bg7 5.f3 O-O 6.Be3 e5 7.Nge2 c6 8.d5 cxd5 
9.cxd5 Bd7 10.Qd2 b5 11.Ng3 Qe8 12.Bd3 Na6 13.a4 Nc7 14.axb5 Nxb5 15.Bxb5 
Bxb5 16.Rxa7 Rxa7 17.Bxa7 Bc4 18.Kf2 Qe7 19.Be3 Nd7 20.Ra1 f5 21.exf5 gxf5
22.Ra4 Bb3 23.Bg5 Qf7 24.Rb4 Nc5 25.Be3 Qa7 26.Nb5 Qa5 27.Rxb3 Nxb3 28.
Qxa5 Nxa5 29.Bg5 Rb8 30.Nxd6 Rxb2+ 31.Kf1 f4 32.Nge4 Bf8 33.Bf6 Bxd6 34.
Nxd6 Rd2 35.Bxe5 Rxd5 36.Bxf4 Nc6 37.Ne4 Ra5 38.Kf2 Ra2+ 39.Nd2 Nd4 40.Ke3
Nb3 41.Nxb3 Ra3 1/2-1/2

[Event "17th Reykjavik op"]
[Site "Reykjavik ISL"]
[Date "1996.03.09"]
[Round "8.7"]
[White "Vidarsson, Jon"]
[Black "Rozentalis, Eduardas"]
[Result "0-1"]
[WhiteElo "2340"]
[BlackElo "2605"]
[EventDate "1996.03.02"]
[PlyCount "94"]

1.e4 e6 2.d4 d5 3.Nc3 Bb4 4.e5 c5 5.a3 Bxc3+ 6.bxc3 Qc7 7.Nf3 Ne7 8.h4 
Nbc6 9.h5 h6 10.Bd3 Bd7 11.Rh4 O-O-O 12.Kf1 c4 13.Be2 Qa5 14.Qe1 f6 15.Rg4
fxe5 16.dxe5 Rhg8 17.Bd1 Rdf8 18.Nd4 Nf5 19.Nxc6 Bxc6 20.Rf4 g5 21.hxg6 
Rxg6 22.Bg4 d4 23.f3 Rfg8 24.cxd4 Qd5 25.Qf2 h5 26.Bh3 Rg3 27.c3 Rxh3 28.
gxh3 Qb5 29.Rxf5 exf5 30.Bf4 Bd5 31.Qe2 Qb3 32.Rc1 Rg6 33.Qc2 Qxc2 34.Rxc2
Bxf3 35.Rd2 Bd5 36.Kf2 Rb6 37.Ra2 Rb3 38.Rc2 Rxa3 39.Kg3 b5 40.Kh4 a5 41.
Kg5 b4 42.Kf6 b3 43.Rb2 Ra2 44.Rb1 Re2 45.Bc1 a4 46.Ba3 f4 47.Rg1 f3 0-1

[Event "17th Reykjavik op"]
[Site "Reykjavik ISL"]
[Date "1996.03.09"]
[Round "8.8"]
[White "Bronstein, David"]
[Black "Conquest, Stuart"]
[Result "0-1"]
[WhiteElo "2455"]
[BlackElo "2540"]
[EventDate "1996.03.02"]
[PlyCount "38"]

{This was a very interesting match-up. Bronstein's philosophy and approach
to the game are well known, and the current co-champion of Hastings, 
Stuart Conquest, has a remarkably similar outlook. Both aim for 
uncompromising chess, preferably via steering the game into unknown 
territory as soon as possible. It is not unusual for either of them to be 
immersed in thought at a very early stage of the game. There are of course
many practical drawbacks with such an apporach, though it is satisfying 
when it works. Here, Bronstein reinvents "the wheel", and not a 
particularly round one.} 
1.e4 {Mowsziszian,K} 1...d6 2.d4 Nf6 3.Nc3 g6 4.f4 Bg7 5.Nf3 O-O 6.e5 Nfd7
( 6...dxe5 {Mowsziszian,K} 7.fxe5 Nfd7 ( 7...Nd5 $142 ) 8.h4 c5 9.h5 cxd4 
10.hxg6 hxg6 ( 10...dxc3 11.gxf7+ Rxf7 12.Bc4 $40 ) 11.Qxd4 Nxe5 12.Qh4 
Nxf3+ 13.gxf3 f5 14.Bg5 Qd5 15.Bxe7 Qe5+ 16.Kd2 f4 17.Re1 Qd4+ 18.Kc1 Bf5 
19.Bxf8 Kxf8 20.Qe7+ Kg8 21.Bc4+ Qxc4 22.Qe8+ Bf8 23.Rh8+ Kxh8 24.Qxf8+ 
Qg8 25.Rh1+ {1-0 Bolz,H-Schmidt,R/Endingen HT2 (05) ;GER 04 1987} ) 7.h4 
c5 8.h5 cxd4 9.hxg6 ( 9.Qxd4 {Mowsziszian,K} 9...dxe5 10.fxe5 Nxe5 11.Qh4 
Nxf3+ $17 ) 9...dxc3 10.gxf7+ Rxf7 11.Ng5 $2 {This violent move seems to 
have a had a brief and ignominious history as far as I can determine. The 
most testing line, I believe, is 11.Bc4.} ( 11.e6 cxb2 12.exf7+ Kf8 13.
Bxb2 Bxb2 14.Ng5 Qa5+ 15.Kf2 Qc5+ 16.Kf3 Nf6 17.Nxh7+ Nxh7 18.Rxh7 Qf5 19.
Bd3 Qg4+ 20.Ke3 Qg3+ 21.Kd2 Qxf4+ 22.Ke1 Bc3+ {0-1 
Kreutzkamp,R-Engelbert,C/Hamburg-ch ;TD 89\05 1989} ) 11...cxb2 12.Bxb2 {
The main game in this line featured similar themes after the more violent}
( 12.Bc4 {. Black defended successfully (or perhaps counterattacked 
convincingly) by using tactics based on the e5 square:} 12...Nxe5 13.Qh5 
Qa5+ 14.Kf1 d5 ( 14...Qa6 15.Bxa6 bxa1=Q 16.Qxh7+ Kf8 17.Ke2 Bg4+ {0-1 
Kirsch,B-Seret,J/FRA-ch Epinal (06) ;EXT 86ch 1986} ) 15.Bxb2 Rxf4+ 16.Nf3
dxc4 17.Bc1 Rf6 18.Qxh7+ Kf8 19.Bh6 Bxh6 20.Rxh6 Nxf3 21.Rh5 Ng5+ {0-1 
Bykhovsky,Av-Bebcuk,E, Moscow 1966.} ) 12...Qa5+ 13.c3 Nxe5 $1 {Again 
black exploits the looseness of the Ng5 and open lines against white's own
king.} 14.Qb3 {Now there is a threat of Bc4, but this is easily parried.} 
( 14.Qh5 Rxf4 15.Qxh7+ Kf8 {iif5} ) 14...Qc5 15.Be2 Qe3 $1 16.Bc1 ( 16.
fxe5 Qxg5 17.Bc4 e6 ) 16...Qg3+ 17.Kd1 Bg4 18.Re1 ( 18.fxe5 Qd3+ 19.Bd2 
Bxe2+ 20.Kc1 Qc4 {is a simple way to play, though there are doubtless 
other ways to win.} ) 18...Qd3+ 19.Bd2 Nc4 0-1

[Event "17th Reykjavik op"]
[Site "Reykjavik ISL"]
[Date "1996.03.09"]
[Round "8.9"]
[White "Ulfarsson, Magnus Oern"]
[Black "Van der Sterren, Paul"]
[Result "0-1"]
[WhiteElo "2290"]
[BlackElo "2535"]
[EventDate "1996.03.02"]
[PlyCount "78"]

1.e4 e5 2.Nf3 Nc6 3.Bb5 a6 4.Ba4 Nf6 5.O-O Be7 6.Re1 b5 7.Bb3 d6 8.c3 O-O 
9.h3 Nb8 10.d4 Nbd7 11.Nbd2 Bb7 12.Bc2 Re8 13.a4 Bf8 14.Bd3 c6 15.b3 g6 
16.Qc2 Rc8 17.Bb2 Qc7 18.Rad1 Qb8 19.Qb1 Rcd8 20.b4 Nb6 21.a5 Nbd7 22.Ba3 
c5 23.bxc5 dxc5 24.dxe5 Nxe5 25.Nxe5 Qxe5 26.c4 Qc3 27.Bb2 Qxd3 28.Bxf6 
Qxb1 29.Nxb1 Rxd1 30.Rxd1 Bxe4 31.cxb5 axb5 32.Nc3 Bc6 33.Nd5 Bxd5 34.Rxd5
Re1+ 35.Kh2 Re6 36.Bg5 Ra6 37.Bd8 b4 38.Bb6 b3 39.Rd8 b2 0-1

[Event "17th Reykjavik op"]
[Site "Reykjavik ISL"]
[Date "1996.03.09"]
[Round "8.10"]
[White "Olafsson, Helgi"]
[Black "Thorhallsson, Throestur"]
[Result "1/2-1/2"]
[WhiteElo "2485"]
[BlackElo "2445"]
[EventDate "1996.03.02"]
[PlyCount "73"]

1.c4 c6 2.e4 d5 3.exd5 cxd5 4.d4 Nf6 5.Nc3 e6 6.Nf3 Bb4 7.Bd3 dxc4 8.Bxc4 
O-O 9.O-O b6 10.Bg5 Bb7 11.Re1 Nbd7 12.Rc1 Rc8 13.Bd3 Bxc3 ( 13...Re8 $5 )
14.bxc3 Qc7 15.Bh4 ( 15.c4 Qd6 16.Qd2 Bxf3 17.gxf3 Rfd8 18.Rcd1 e5 19.d5 
Re8 20.Kh1 Nh5 21.Rg1 Nf8 22.Rc1 Ng6 $13 {Cramling,P-Landenbergue,C/Biel 
(06) ;CBM 43 1994} ) 15...Qd6 $1 {N} ( 15...Qf4 16.Bg3 Qg4 ( 16...Bxf3 17.
Bxf4 Bxd1 18.Rexd1 Nb8 19.c4 Nc6 20.Be2 Rfd8 21.Be3 e5 22.dxe5 Rxd1+ 23.
Rxd1 Nxe5 24.c5 $14 {ECO} ) 17.Be2 Qf5 18.Nd2 ( 18.c4 Rfd8 19.d5 Nc5 20.
Nh4 Qg5 21.Bf3 g6 $13 {Gligoric,S-Unzicker,W/Donner mem-B (05) ;CBM 43 
1994} ) 18...Rfd8 19.Nc4 Ne8 20.Ne3 $14 ) ( 15...Rfe8 16.Bg3 Qc6 17.c4 Nf8
18.c5 Ng6 19.Qb3 Qd7 20.Bd6 $14 {Gofstein,L-Podgaets,M/USSR 28/656 1979} )
16.Bg3 Qd5 17.c4 Qa5 ( 17...Qh5 18.Nd2 ( 18.Ne5 Qxd1 19.Rexd1 Nxe5 20.Bxe5
Rfd8 $10 ) 18...Qxd1 ( 18...Qa5 19.Nb3 $14 ) 19.Rexd1 $14 ) 18.Ne5 Rfd8 
19.d5 $2 ( 19.Bh4 Nxe5 20.Rxe5 Qxa2 21.Bxf6 gxf6 22.Rh5 f5 $17 ) ( 19.Qe2 
Nxe5 20.Bxe5 Nd7 21.Bg3 $10 ) 19...exd5 20.Nxd7 Nxd7 ( 20...Rxd7 $2 21.Bf5
Rxc4 22.Rxc4 dxc4 23.Bxd7 Nxd7 24.Re8+ Nf8 25.Rxf8+ Kxf8 26.Qd8# ) 21.Bh4 
$1 ( 21.Re7 {iih7} 21...d4 $17 ) 21...Re8 ( 21...f6 $2 22.Qh5 Nf8 23.Re7 
$18 ) 22.Bf5 Bc6 $1 $8 ( 22...Rxe1+ $2 23.Qxe1 Qxe1+ ( 23...Qa4 24.Qe7 
Rxc4 25.Re1 Nf8 26.Bg3 $16 {iid6} ) 24.Rxe1 Bc6 25.cxd5 ( 25.Re7 $2 Rd8 
26.cxd5 Nf6 $10 ) 25...Ba4 26.h3 g6 27.Bxd7 Bxd7 28.Re7 $16 ) 23.Be7 ( 23.
cxd5 Rxe1+ 24.Qxe1 Qxd5 25.Be4 Qe6 $17 ) ( 23.Rxe8+ Rxe8 24.cxd5 Ba4 25.
Qd3 Bc2 $3 $19 {[%cal Ra5e1,Re8e1]} ) 23...d4 $2 ( 23...Ba4 $1 24.Qd3 ( 
24.Qh5 Nf6 $17 ) ( 24.Qg4 Rxc4 $17 ) 24...g6 25.Bxd7 Bxd7 $17 ) 24.Qd3 g6 
$2 ( 24...h6 $142 $15 ) 25.Bxd7 Rxe7 $1 ( 25...Bxd7 26.Qxd4 Be6 27.Bf6 $40
{iih8} ) 26.Rxe7 Qg5 {[%cal Rg5g2,Rg5c1,Rg5e7]} 27.Qf1 $8 Bxg2 $1 28.Re5 
$1 ( 28.Qxg2 Qxc1+ 29.Qf1 Qg5+ 30.Kh1 Qxe7 31.Bxc8 Qe4+ 32.Kg1 ( 32.f3 Qc2
{id3-d2} ) 32...d3 33.Qc1 f5 $10 ) 28...Qxe5 29.Qxg2 Rd8 30.Bc6 ( 30.Ba4 
d3 $44 ) 30...d3 31.Bd5 d2 32.Rd1 Rxd5 $1 $10 33.cxd5 Qe2 34.Qf1 Qg4+ 35.
Kh1 Qf3+ 36.Kg1 Qg4+ 37.Kh1 1/2-1/2

[Event "17th Reykjavik op"]
[Site "Reykjavik ISL"]
[Date "1996.03.09"]
[Round "8.11"]
[White "Van der Werf, Mark"]
[Black "Petursson, Margeir"]
[Result "0-1"]
[WhiteElo "2400"]
[BlackElo "2585"]
[EventDate "1996.03.02"]
[PlyCount "146"]

1.e4 c5 2.c3 d5 3.exd5 Qxd5 4.d4 Nf6 5.Nf3 Bg4 6.Be2 e6 7.h3 Bh5 8.c4 Qd8 
9.Qb3 Nbd7 10.d5 exd5 11.cxd5 Bd6 12.Qxb7 O-O 13.Nc3 Re8 14.O-O Nb6 15.Qa6
Nfxd5 16.Nxd5 Nxd5 17.Bg5 Be7 18.Bxe7 Qxe7 19.Rfe1 Qc7 20.Nd2 Re6 21.Qc4 
Nb6 22.Qxe6 fxe6 23.Bxh5 e5 24.Re2 Nd5 25.Rae1 Nf4 26.Rxe5 Nxh5 27.Rxh5 
Qa5 28.Rd5 Qxa2 29.b3 a5 30.Rd7 h6 31.Ree7 Kh8 32.Kh2 Rg8 33.Re4 Qb2 34.
Ree7 Qf6 35.Nf3 Qf4+ 36.Kg1 Qc1+ 37.Kh2 Qb2 38.Nd2 Qf6 39.Rf7 Qe5+ 40.Kg1 
a4 41.bxa4 Qa1+ 42.Kh2 Qxa4 43.Nf3 Qe4 44.Rde7 Qd5 45.Rd7 Qe6 46.Rfe7 Qa2 
47.Kg1 Qa1+ 48.Kh2 Qb2 49.Rf7 Qxf2 50.Ne5 Qc2 51.Rde7 Qe4 52.Ng4 Qc6 53.
Nf6 Qd6+ 54.Kg1 Qd4+ 55.Kh1 Ra8 56.Ne4 c4 57.Rf3 Rc8 58.Nc3 Qd2 59.Rg3 Qd4
60.Kh2 Rd8 61.Re4 Qc5 62.Ree3 Ra8 63.Ne4 Qd4 64.Nc3 Ra1 65.Ne2 Qd1 66.Rgf3
Qd6+ 67.Rg3 Re1 68.h4 Qd1 69.Re8+ Kh7 70.Rge3 Rh1+ 71.Kg3 Qe1+ 72.Kf3 Qxh4
73.Ng3 Qf6+ 0-1

[Event "17th Reykjavik op"]
[Site "Reykjavik ISL"]
[Date "1996.03.09"]
[Round "8.12"]
[White "Karason, Askell Oern"]
[Black "Djurhuus, Rune"]
[Result "0-1"]
[WhiteElo "2230"]
[BlackElo "2505"]
[EventDate "1996.03.02"]
[PlyCount "124"]

1.d4 Nf6 2.c4 g6 3.Nc3 Bg7 4.e4 d6 5.Be2 O-O 6.Bg5 h6 7.Be3 e5 8.d5 Na6 9.
Qd2 Nc5 10.f3 a5 11.h4 Kh7 12.g4 Ne8 13.h5 g5 14.Nh3 Bd7 15.Nf2 c6 16.O-O 
Nc7 17.Nd3 cxd5 18.cxd5 b6 19.b3 Qb8 20.Nxc5 bxc5 21.Bc4 Bf6 22.Rab1 Qb7 
23.Qd3 Kg8 24.Kg2 Rfb8 25.Rfc1 Qc8 26.Kg3 Rb6 27.Bd2 Bd8 28.a3 Rb7 29.Qf1 
Rab8 30.Qe1 Nb5 31.Nxb5 Bxb5 32.a4 Bxc4 33.bxc4 Rb4 34.Bxb4 cxb4 35.c5 
dxc5 36.Qe2 Be7 37.Qc4 Bd6 38.Rb3 Rb6 39.Qe2 Qe8 40.Qa2 Kh7 41.Kg2 Rb7 42.
Rc4 Kg8 43.Rb1 Rb6 44.Rb3 Bf8 45.Rd3 Bd6 46.Rb3 Qe7 47.Qc2 Rb8 48.Qc1 Qf6 
49.Qd2 Kg7 50.Qc1 Rc8 51.Kf2 Rc7 52.Ke2 Qe7 53.Qd1 Qe8 54.Qa1 Kh7 55.Kf2 
Re7 56.Re3 Rb7 57.Rb3 Rb6 58.Qa2 Qe7 59.Qc2 Qd7 60.Qa2 Bf8 61.Rd3 Rf6 62.
Qc2 Qxg4 0-1

[Event "17th Reykjavik op"]
[Site "Reykjavik ISL"]
[Date "1996.03.09"]
[Round "8.13"]
[White "Lyrberg, Patrik"]
[Black "Gunnarsson, Arinbjorn"]
[Result "1-0"]
[WhiteElo "2425"]
[BlackElo "2220"]
[EventDate "1996.03.02"]
[PlyCount "59"]

1.e4 e6 2.d3 c5 3.g3 Nc6 4.Bg2 Nf6 5.f4 d6 6.Nf3 Be7 7.O-O Qc7 8.Nc3 a6 9.
a4 b6 10.h3 Bb7 11.Ne2 d5 12.e5 Nd7 13.c3 f5 14.exf6 gxf6 15.f5 e5 16.Nh4 
d4 17.cxd4 cxd4 18.Nf4 exf4 19.Qh5+ Kd8 20.Ng6 Re8 21.Nxf4 Nf8 22.Nd5 Qd7 
23.Nxb6 Qc7 24.Nd5 Qa5 25.Bf4 Ne5 26.b4 Bxb4 27.Nxf6 Re7 28.Bxb7 Qb6 29.
Bxa8 Qxf6 30.Bg5 1-0

[Event "17th Reykjavik op"]
[Site "Reykjavik ISL"]
[Date "1996.03.09"]
[Round "8.14"]
[White "Berg, Emanuel"]
[Black "Yoos, John"]
[Result "1/2-1/2"]
[WhiteElo "2180"]
[BlackElo "2345"]
[EventDate "1996.03.02"]
[PlyCount "82"]

1.e4 c5 2.Nf3 Nc6 3.d4 cxd4 4.Nxd4 Nf6 5.Nc3 e5 6.Ndb5 d6 7.Bg5 a6 8.Na3 
b5 9.Nd5 Be7 10.Bxf6 Bxf6 11.c3 O-O 12.Nc2 Nb8 13.a4 bxa4 14.Rxa4 Nd7 15.
b4 Bg5 16.Bc4 Bb7 17.h4 Bh6 18.g4 Bf4 19.Qd3 a5 20.Rxa5 Rxa5 21.bxa5 Qxa5 
22.O-O Bxd5 23.Bxd5 Nf6 24.Ra1 Qc5 25.g5 Ng4 26.Qf3 Nh2 27.Qh3 Qb5 28.c4 
Qb2 29.Qf5 Kh8 30.Qxf7 Qxa1+ 31.Nxa1 Rxf7 32.Bxf7 Nf3+ 33.Kh1 Nxh4 34.g6 
hxg6 35.Nc2 Kh7 36.Nb4 Nf3 37.Nd3 Kh6 38.Kg2 Nd4 39.Kh3 Kg5 40.Be8 Nb3 41.
Bf7 Kf6 1/2-1/2

[Event "17th Reykjavik op"]
[Site "Reykjavik ISL"]
[Date "1996.03.09"]
[Round "8.15"]
[White "Andreasen, Per"]
[Black "Pinkus, Lutz"]
[Result "1/2-1/2"]
[WhiteElo "2325"]
[BlackElo "2185"]
[EventDate "1996.03.02"]
[PlyCount "54"]

1.Nf3 c5 2.c4 d6 3.d4 Bg4 4.dxc5 Bxf3 5.exf3 Qa5+ 6.Nc3 dxc5 7.Qb3 Qc7 8.
Bf4 Qc6 9.Bd3 Nf6 10.O-O e6 11.Nb5 Na6 12.Be5 Qb6 13.a4 Qa5 14.Nc7+ Nxc7 
15.Qxb7 Qa6 16.Qb3 Bd6 17.f4 Bxe5 18.fxe5 Nd7 19.Be4 Rd8 20.Rfd1 Qb6 21.
Qg3 Qxb2 22.Rab1 Qxe5 23.Qxe5 Nxe5 24.Rxd8+ Kxd8 25.Rb8+ Kd7 26.Rxh8 h6 
27.Rb8 Nxc4 1/2-1/2

[Event "17th Reykjavik op"]
[Site "Reykjavik ISL"]
[Date "1996.03.09"]
[Round "8.16"]
[White "De Kleuver, Esther"]
[Black "Olsen, Heini"]
[Result "1/2-1/2"]
[WhiteElo "2210"]
[BlackElo "2325"]
[EventDate "1996.03.02"]
[PlyCount "52"]

1.e4 c6 2.d4 d5 3.Nd2 dxe4 4.Nxe4 Nd7 5.Bc4 Ngf6 6.Nxf6+ Nxf6 7.c3 g6 8.
Nf3 Bg7 9.O-O O-O 10.Ne5 Nd5 11.Qf3 Be6 12.Bb3 a5 13.a4 Qc7 14.Re1 Rad8 
15.Qg3 Qc8 16.Nd3 Rfe8 17.Nc5 Bf5 18.Bg5 b6 19.Ne4 h6 20.Bf4 Nxf4 21.Qxf4 
Be6 22.Bc2 Bd5 23.h4 c5 24.dxc5 Bxe4 25.Rxe4 Qxc5 26.Rae1 h5 1/2-1/2